Statistics for If Hawaii is Bali

Click here to take the quiz!

General Stats

  • This quiz has been taken 397 times
  • The average score is 18 of 26

Answer Stats

HintCountry% Correct
If Hawaii is BaliThe U.S. is {Indonesia}
92%
If Crete is IbizaGreece is {Spain}
91%
If Okinawa is GuamJapan is {The United States}
85%
If Sicily is Easter IslandItaly is {Chile}
83%
If Corsica is ArubaFrance is {The Netherlands}
81%
If Tasmania is Baffin IslandAustralia is {Canada}
80%
If Greenland is The Cayman IslandsDenmark is {The United Kingdom}
79%
If Vancouver Island is SardiniaCanada is {Italy}
78%
If Mallorca is Long IslandSpain is {The United States}
77%
If Capri is The AzoresItaly is {Portugal}
75%
If Great Britain is BorneoThe U.K. is {Indonesia} and
74%
If Spitsbergen is HainanNorway is {China}
73%
If Puerto Rico is The Falklands/Las MalvinasThe U.S. is {Argentina} or
73%
{Malaysia}
71%
If Madeira is LuzonPortugal is {The Philippines}
71%
{The United Kingdom}
70%
If Santorini is TahitiGreece is {France}
69%
If Cozumel is BermudaMexico is {The United Kingdom}
69%
Bora Bora is GotlandFrance is {Sweden}
64%
If South Island is New CaledoniaNew Zealand is {France}
61%
If Curaçao is CebuThe Netherlands is {The Philippines}
50%
If Kauai is Andaman IslandsThe U.S. is {India}
50%
If Honshu is SakhalinJapan is {Russia}
49%
If Sumatra is Isla MargaritaIndonesia is {Venezuela}
42%
If Galapagos Islands are SalsetteEcuador is {India}
26%
If Zanzibar is LamuTanzania is {Kenya}
18%

Score Distribution

Percentile by Number Answered

Percent of People with Each Score

Your Score History

You have not taken this quiz